Country By Stereotypes - Statistics

General Stats
  • This quiz has been taken 79 times
  • The average score is 14 of 15
Answer Stats
Hint Answer % Correct
Beer, n@zi Germany
100%
Bears, vodka Russia
96%
G'day mate, spiders Australia
94%
Baguettes, wine France
94%
Pasta, pizza Italy
94%
Anime, sushi Japan
94%
Burgers, guns United States
94%
Coke, cartel Mexico
93%
Kurwa, polish cow Poland
93%
Sorry, maple syrup Canada
91%
Scammers, overpopulated India
91%
Vampires, castles Romania
88%
Börk, meatballs Sweden
87%
Tea, blimey hell Tea
82%
Heavy smokers, windmills Netherlands
72%
No matching quizzes found
Score Distribution
Percent of People with Each Score
Percentile by Number Answered
Your Score History
You have not taken this quiz